Estudios jurídicos / (Record no. 158364)
[ view plain ]
| 000 -LEADER | |
|---|---|
| campo de control de longitud fija | 00893nam a2200229 i 4500 |
| 001 - NÚMERO DE CONTROL | |
| campo de control | 158364 |
| 003 - IDENTIFICADOR DE NÚMERO DE CONTROL | |
| campo de control | ES-MaACL |
| 005 - FECHA Y HORA DE LA ÚLTIMA TRANSACCIÓN | |
| campo de control | 20250815062645.0 |
| 008 - DATOS DE LONGITUD FIJA--INFORMACIÓN GENERAL | |
| campo de control de longitud fija | 990203q1905 sp |||| | spa d |
| 040 ## - FUENTE DE CATALOGACIÓN | |
| Centro catalogador/agencia de origen | CLM |
| Lengua de catalogación | spa |
| Centro/agencia transcriptor | CLM |
| 100 1# - ENTRADA PRINCIPAL--NOMBRE DE PERSONA | |
| Nombre de persona | Macaulay, Thomas Babington Macaulay |
| Títulos y otros términos asociados al nombre | Baron. |
| 9 (RLIN) | 75067 |
| 245 10 - MENCIÓN DEL TÍTULO | |
| Título | Estudios jurídicos / |
| Mención de responsabilidad, etc. | por Lord Macaulay ; traducción por R. Altamira ; prólogo por W.E. Gladstone. |
| 260 ## - PUBLICACIÓN, DISTRIBUCIÓN, ETC. | |
| Lugar de publicación, distribución, etc. | Madrid : |
| Nombre del editor, distribuidor, etc. | La España Moderna, |
| Fecha de publicación, distribución, etc. | [1905?] ( |
| Fabricante | Imp. de Gabriel L. Horno) |
| 300 ## - DESCRIPCIÓN FÍSICA | |
| Extensión | 384 p. ; |
| Dimensiones | 23 cm. |
| 490 1# - MENCIÓN DE SERIE | |
| Mención de serie | Biblioteca de jurisprudencia, filosofía é historia ; |
| Designación de volumen o secuencia | 438 |
| 650 07 - PUNTO DE ACCESO ADICIONAL DE MATERIA--TÉRMINO DE MATERIA | |
| Término de materia o nombre geográfico como elemento de entrada | Derecho |
| Fuente del encabezamiento o término | embne |
| 9 (RLIN) | 11602 |
| 700 1# - ENTRADA AGREGADA--NOMBRE PERSONAL | |
| Nombre de persona | Altamira, Rafael, |
| Fechas asociadas al nombre | 1866-1951 |
| 9 (RLIN) | 20515 |
| 700 1# - ENTRADA AGREGADA--NOMBRE PERSONAL | |
| Nombre de persona | Gladstone, Willian Ewart. |
| 9 (RLIN) | 127343 |
| 830 00 - PUNTO DE ACCESO ADICIONAL DE SERIE-TÍTULO UNIFORME | |
| Título uniforme | Biblioteca de jurisprudencia, filosofía e historia |
| Designación de volumen o secuencia | 438 |
| 9 (RLIN) | 180691 |
| 852 ## - LOCALIZACIÓN | |
| Ubicación | ES-MaACL |
| Número de control de estantería | F-14823 |
| Nota libre | -- Enc. hol. |
| Estatus retirado | Estado de pérdida | Estado de daño | No para préstamo | Biblioteca de origen | Biblioteca actual | Ubicación en estantería | Fecha de adquisición | Fuente de adquisición | Total de préstamos | Signatura topográfica completa | Código de barras | Visto por última vez | Precio de reemplazo | Tipo de ítem Koha |
|---|---|---|---|---|---|---|---|---|---|---|---|---|---|---|
| Biblioteca del Ateneo de Madrid | Biblioteca del Ateneo de Madrid | Sala Pecera Planta 2 | 17/01/2008 | F-14823 | 1165747 | 23/02/2023 | 23/02/2023 | Libro impreso |
